000 00311nam a2200109Ia 4500
008 220120s9999||||xx |||||||||||||| ||und||
100 _aSilberschatz, Abraham and others
245 0 _aOperating system concepts
260 _aJohn wiely & sons Inc.
_bLondon
_c2002
300 _a738p.
_b395
650 _aGENERAL BOOKS
999 _c137334
_d137334